[Event "CZE-ch Amateur"]
[Site "Luhacovice"]
[Date "2022.03.16"]
[Round "6"]
[White "Vanek, Ladislav"]
[Black "Vrzal, Filip"]
[Result "1-0"]
[WhiteElo "2221"]
[BlackElo "1877"]
[PlyCount "84"]
[EventDate "2022.03.12"]
[EventType "swiss"]
[EventRounds "9"]
[EventCountry "CZE"]
[SourceTitle "EXT 2023"]
[Source "ChessBase"]
[SourceDate "2022.10.05"]
[SourceVersion "1"]
[SourceVersionDate "2022.10.05"]
[SourceQuality "1"]

1. d4 Nf6 2. Bf4 d5 3. e3 c5 4. c3 Qb6 5. Qb3 c4 6. Qc2 g6 7. Nd2 Bf5 8. Qc1 Nc6 9. Ngf3 Bg7 10. Be2 0-0 11. 0-0 Nh5 12. Re1 Nxf4 13. exf4 Bg4 14. Nf1 Qc7 15. Ne3 Bxf3 16. Bxf3 e6 17. g3 b5 18. h4 b4 19. Kg2 Rab8 20. h5 Rb6 21. Rh1 bxc3 22. bxc3 Rfb8 23. Rh4 Nxd4 24. cxd4 Bxd4 25. hxg6 fxg6 26. f5 Bxa1 27. Qxa1 c3 28. Qd1 gxf5 29. Qd3 Rb4 30. Rh5 Qg7 31. Nc2 Rb2 32. Qe3 Kh8 33. Nd4 c2 34. Nxe6 d4 35. Qf4 Qf6 36. Rh6 Qf7 37. Ng5 Qg7 38. Rxh7+ Qxh7 39. Nxh7 Kxh7 40. Qxf5+ Kg7 41. Qe5+ Kf8 42. Qf6+ Ke8 1-0